| 000 | 00638nam a2200181 a 4500 | ||
|---|---|---|---|
| 001 | 000042257 | ||
| 003 | DO-SdBNP | ||
| 005 | 20220407103224.0 | ||
| 007 | ta | ||
| 008 | 150205s2003 dr 000 0 spa d | ||
| 040 |
_aDO-SdBNP _bspa _cBNPHU |
||
| 082 | 4 | _222 | |
| 110 | 1 |
_aRepública Dominicana _bBanco Central de la República Dominicana _942873 |
|
| 245 | 1 | 0 | _aEncuesta de Opinión, Actitud y Motivación a Extranjeros no Residentes 2002. |
| 260 |
_aSanto Domingo : _bBanco Central de la República Dominicana _bDepartamento de cuentas nacionales y estadísticas económicas, _c2003. |
||
| 300 |
_a116 p ; _c28 cm. |
||
| 942 |
_2ddc _cLBS1 |
||
| 999 |
_c41746 _d41746 |
||